SCRIPPS NATIONAL SPELLING BEE WINNING WORDS '60s Quiz Stats

 Plays Quiz not verified by Sporcle

Challenge
Share
Tweet
Embed
Score 0/10 Timer 03:00
0 Plays Today
% Correct
equipage
92.9%
eczema
92.9%
Chihuahua
90.5%
abalone
90.5%
eudaemonic
88.1%
interlocutory
88.1%
sycophant
85.7%
ratoon
73.8%
esquamulose
66.7%
smaragdine
64.3%

You're not logged in!

Compare scores with friends on all Sporcle quizzes.
Join for Free
OR
Log In

You Might Also Like...

Show Comments

Extras

Top Quizzes Today


Score Distribution

Your Account Isn't Verified!

In order to create a playlist on Sporcle, you need to verify the email address you used during registration. Go to your Sporcle Settings to finish the process.

Report this User

Report this user for behavior that violates our Community Guidelines.

Details: